00521nam a2200157 a 450000500170000000800410001702000180005805000170007610000210009324500800011426000390019430000210023352000640025465000240031865000210034220140412111243.0010808s19uu xx 00 eng d a0-590-44948-6 aERbIt1 1992 aMaccarone, Grace aItchy, itchy chicken pox /cby Grace Maccaronel illustrated by Betsy Lewin. aNew York :bScholastic Inc,c1992. a1v. (unp.); ill. aPeppy rhymes present the humurous side to a common ailment. aChicken pox-Fiction aStories in rhyme